00663nam a22002057a 450000500170000001000150001702000260003203500140005803700090007208200150008124500340009625000060013026000690013627000140020530000210021949000060024094200310024699900190027795201610029620260225111744.0 aENG-145379 a9788193585719c150.00 aEN-128911 bDBAD14a347.97221 aNPA Criminal Law Review-2017/ a1 aHyderabadbSardar VallahBhai Patel National Police academyc2017 bHyderabad a174p.c22cm(pbk) v4 adplcEN2ddch347.972mNPA c211809d211809 00103VOL 440708NFICaMbMd2025-06-16eDelivery of Books Act Divisiong150.00l0o347.972 NPApEN-128911r2025-06-16 00:00:00t1v150.00w2025-06-16yEN